| 000 | 00457 a2200169 4500 | ||
|---|---|---|---|
| 003 | Nust | ||
| 005 | 20170207153549.0 | ||
| 040 | _cNust | ||
| 082 | _a005.1 | ||
| 100 | _aAhmad, Amna BESE-08 | ||
| 245 |
_aGIS based cadastral management & military planning system _cAmna Ahmad, Sana Fahim Khan & Capt Mubeen Islam BESE-08 |
||
| 260 |
_bMCS _cApril 2006 |
||
| 300 | _a93 p | ||
| 538 | _aAlmirah No 71 Shelf No 5 | ||
| 650 | _aUG Projects | ||
| 651 | _aUG CS Projects | ||
| 942 | _cTHS | ||
| 999 |
_c188766 _d188766 |
||